MARC

Tag First Indicator Second Indicator Subfields
LEADER 00000cgm a2200000Mi 4500
001 in00005534813
006 m o c
007 cr |||||||||||
008 100813s1960 cau--- o vleng d
005 20241201225438.9
035 |a (OCoLC)ocn853105335 
040 |a UBY  |b eng  |e pn  |c UBY  |d OCLCO  |d OCLCQ  |d OCLCA  |d CUS  |d OCLCO  |d OCLCL 
035 |a (OCoLC)853105335 
049 |a TXAM 
245 0 0 |a Universal Newsreels, Release 35, April 28, 1960. 
264 4 |c Â1960 
264 1 |a Hollywood, CA :  |b Universal Pictures Company Incorporated,  |c 1960. 
300 |a 1 online resource 
306 |a 000625 
336 |a two-dimensional moving image  |b tdi  |2 rdacontent 
337 |a computer  |b c  |2 rdamedia 
338 |a online resource  |b cr  |2 rdacarrier 
344 |a digital  |2 rdatr 
347 |a video file  |2 rdaft 
546 |a In English. 
653 0 2 |a American Federation of Labor-Congress of Industrial Organizations, Washington, DC 
653 0 1 |a Eisenhower, Dwight D., 1890-1969 
653 0 0 |a Earthquakes 
653 0 0 |a Rebellions 
653 0 0 |a Space Race, 1957-1969 
653 0 4 |a Post-war Era (1945-1960) 
653 0 6 |a Documentary 
653 0 4 |a 1960 
653 0 5 |a Cape Canaveral, FL 
655 0 |a Streaming video. 
700 1 |a Kennedy, John F.  |q (John Fitzgerald),  |d 1917-1963,  |e speaker.  |4 spk  |1 https://id.oclc.org/worldcat/entity/E39PBJmTrTCHb3TMHmTHVPMtrq 
710 2 |a Universal Newsreel,  |e assignee.  |4 asg 
758 |i has work:  |a Universal Newsreels, Release 35, April 28, 1960 (MovingImage)  |1 https://id.oclc.org/worldcat/entity/E39PCFGMhgFVJw8xBHCwxvwP73  |4 https://id.oclc.org/worldcat/ontology/hasWork 
856 4 0 |u http://proxy.library.tamu.edu/login?url=https://www.aspresolver.com/aspresolver.asp?MARC;1786494  |z Connect to this streaming video (Alexander Street Press)  |t 0 
955 |a Alexander Street Press subscription streaming video 
994 |a 92  |b TXA 
999 f f |s 2a0411cd-4f48-4777-a934-896f749da7e5  |i 593e7e86-2e2c-43ad-8e0b-a2ba97c58a04  |t 0 
952 f f |a Texas A&M University  |b College Station  |c Electronic Resources  |d Available Online  |t 0  |h Library of Congress classification 
998 f f |t 0  |l Available Online